Ποσοτική ανάλυση για τη λήψη διοικητικών αποφάσεων

Saved in:
Bibliographic Details
Main Author: Οικονόμου, Γιώργος Σ.
Other Authors: Γεωργίου, Ανδρέας Κ.
Format: Book
Language:Greek
Published: Αθήνα : Ευγ. Μπένου, c1999-2006.
Subjects:
Tags: Add Tag
No Tags, Be the first to tag this record!

MARC

LEADER 00000cam a2200000 i 4500
001 1/69506
008 050114m20061999gr | ||| |||| ||gre||
020 |a 9603590584   |q (τ. 1) 
020 |a 9603590703   |q (τ. 2) 
035 |l 10075971 
040 |a GR-MyUa  |b gre  |e AACr2 
041 0 |a gre 
082 7 |a 658.4033   |2 (21) 
100 1 |a Οικονόμου, Γιώργος Σ. 
245 1 0 |a Ποσοτική ανάλυση για τη λήψη διοικητικών αποφάσεων /   |c Γεωργίου Σ. Οικονόμου, Ανδρέα Κ. Γεωργίου. 
260 |a Αθήνα :   |b Ευγ. Μπένου,   |c c1999-2006. 
300 |a 2 τ. (389, 391 σ.) :   |b πίν. ;   |c 24 εκ. 
500 |a Ο 1ος τόμος του παραρτήματος Σάμου είναι της 2ης έκδ. (2006). 
500 |a Ο 1ος τόμος του παραρτήματος Σύρου είναι της 2ης έκδ. (2006). 
504 |a Περιλαμβάνει βιβλιογραφίες. 
650 0 |a Decision making  |x Mathematical models. 
700 1 |a Γεωργίου, Ανδρέας Κ. 
852 |a INST  |b CHIOS  |e 20050114  |h 658.4033 ΟΙΚ  |p 005200022409  |q 005200022409  |t BK  |y 0  |z τ.1 
852 |a INST  |b CHIOS  |e 20050114  |h 658.4033 ΟΙΚ  |p 005200022410  |q 005200022410  |t BK  |y 0  |z τ.1 
852 |a INST  |b CHIOS  |e 20050114  |h 658.4033 ΟΙΚ  |p 005200022411  |q 005200022411  |t BK  |y 0  |z τ.2 
852 |a INST  |b CHIOS  |e 20050114  |h 658.4033 ΟΙΚ  |p 005200022412  |q 005200022412  |t BK  |y 0  |z τ.2 
852 |a INST  |b CHIOS  |e 20050126  |h 658.4033 ΟΙΚ  |p 005200022596  |q 005200022596  |t BK  |y 0  |z τ.2 
852 |a INST  |b CHIOS  |e 20050114  |h 658.4033 ΟΙΚ  |p 005200022409  |q 005200022409  |t BK  |v τ.1:  |y 0  |z τ.1 
852 |a INST  |b CHIOS  |e 20050114  |h 658.4033 ΟΙΚ  |p 005200022410  |q 005200022410  |t BK  |v τ.1:  |y 0  |z τ.1 
852 |a INST  |b CHIOS  |e 20050114  |h 658.4033 ΟΙΚ  |p 005200022411  |q 005200022411  |t BK  |v τ.2:  |y 0  |z τ.2 
852 |a INST  |b CHIOS  |e 20050114  |h 658.4033 ΟΙΚ  |p 005200022412  |q 005200022412  |t BK  |v τ.2:  |y 0  |z τ.2 
852 |a INST  |b CHIOS  |e 20050126  |h 658.4033 ΟΙΚ  |p 005200022596  |q 005200022596  |t BK  |v τ.2:  |y 0  |z τ.2 
852 |a INST  |b SAMOS  |e 20110520  |h 658.4033 ΟΙΚ  |p 005300032698  |q 005300032698  |t BK  |y 0  |z τ.1 
852 |a INST  |b SAMOS  |e 20110520  |h 658.4033 ΟΙΚ  |p 005300032699  |q 005300032699  |t BK  |y 0  |z τ.2 
852 |a INST  |b SAMOS  |e 20130213  |h 658.4033 ΟΙΚ  |p 005300033429  |q 005300033429  |t BK  |y 0  |z τ.2 
852 |a INST  |b SAMOS  |e 20130213  |h 658.4033 ΟΙΚ  |p 005300033430  |q 005300033430  |t BK  |y 0  |z τ.1 
852 |a INST  |b SAMOS  |e 20110520  |h 658.4033 ΟΙΚ  |p 005300032698  |q 005300032698  |t BK  |v τ.1:  |y 0  |z τ.1 
852 |a INST  |b SAMOS  |e 20110520  |h 658.4033 ΟΙΚ  |p 005300032699  |q 005300032699  |t BK  |v τ.2:  |y 0  |z τ.2 
852 |a INST  |b SAMOS  |e 20130213  |h 658.4033 ΟΙΚ  |p 005300033429  |q 005300033429  |t BK  |v τ.2:  |y 0  |z τ.2 
852 |a INST  |b SAMOS  |e 20130213  |h 658.4033 ΟΙΚ  |p 005300033430  |q 005300033430  |t BK  |v τ.1:  |y 0  |z τ.1 
852 |a INST  |b SAMOS  |c EUDOXUS  |e 20110412  |h 658.4033 ΟΙΚ  |p 005300032788  |q 005300032788  |t EDX  |y 0  |z τ.2 
852 |a INST  |b SAMOS  |c EUDOXUS  |e 20110412  |h 658.4033 ΟΙΚ  |p 005300032789  |q 005300032789  |t EDX  |y 0  |z τ.1 
852 |a INST  |b SAMOS  |c EUDOXUS  |e 20110316  |h 658.4033 ΟΙΚ  |p 005300032915  |q 005300032915  |t EDX  |y 0  |z τ.1 
852 |a INST  |b SAMOS  |c EUDOXUS  |e 20110316  |h 658.4033 ΟΙΚ  |p 005300032916  |q 005300032916  |t EDX  |y 0  |z τ.2 
852 |a INST  |b SAMOS  |c EUDOXUS  |e 20110412  |h 658.4033 ΟΙΚ  |p 005300032788  |q 005300032788  |t EDX  |v τ.2:  |y 0  |z τ.2 
852 |a INST  |b SAMOS  |c EUDOXUS  |e 20110412  |h 658.4033 ΟΙΚ  |p 005300032789  |q 005300032789  |t EDX  |v τ.1:  |y 0  |z τ.1 
852 |a INST  |b SAMOS  |c EUDOXUS  |e 20110316  |h 658.4033 ΟΙΚ  |p 005300032915  |q 005300032915  |t EDX  |v τ.1:  |y 0  |z τ.1 
852 |a INST  |b SAMOS  |c EUDOXUS  |e 20110316  |h 658.4033 ΟΙΚ  |p 005300032916  |q 005300032916  |t EDX  |v τ.2:  |y 0  |z τ.2 
852 |a INST  |b SYROS  |e 20090505  |h 658.4033 ΟΙΚ  |p 005500008469  |q 005500008469  |t BK  |y 0  |z τ.2 
852 |a INST  |b SYROS  |e 20090505  |h 658.4033 ΟΙΚ  |p 005500008470  |q 005500008470  |t BK  |y 0  |z τ.2 
852 |a INST  |b SYROS  |e 20090505  |h 658.4033 ΟΙΚ  |p 005500008472  |q 005500008472  |t BK  |y 0  |z τ.1 
852 |a INST  |b SYROS  |e 20090505  |h 658.4033 ΟΙΚ  |p 005500008473  |q 005500008473  |t BK  |y 0  |z τ.1 
852 |a INST  |b SYROS  |e 20090505  |h 658.4033 ΟΙΚ  |p 005500008469  |q 005500008469  |t BK  |v τ.2:  |y 0  |z τ.2 
852 |a INST  |b SYROS  |e 20090505  |h 658.4033 ΟΙΚ  |p 005500008470  |q 005500008470  |t BK  |v τ.2:  |y 0  |z τ.2 
852 |a INST  |b SYROS  |e 20090505  |h 658.4033 ΟΙΚ  |p 005500008472  |q 005500008472  |t BK  |v τ.1:  |y 0  |z τ.1 
852 |a INST  |b SYROS  |e 20090505  |h 658.4033 ΟΙΚ  |p 005500008473  |q 005500008473  |t BK  |v τ.1:  |y 0  |z τ.1 
853 |a INST  |b CHIOS  |h 658.4033 ΟΙΚ 
853 |a INST  |b SAMOS  |h 658.4033 ΟΙΚ 
853 |a INST  |b SAMOS  |c EUDOXUS  |h 658.4033 ΟΙΚ 
853 |a INST  |b SYROS  |h 658.4033 ΟΙΚ 
901 |a BIBL3-2013-1 
901 |a BIBL3-2011-2 
901 |a BIBL3-2011-1 
901 |a BIBL3-2011-1 
901 |a BIBL3-2011-1 
901 |a BIBL5-2009-2 
901 |a BIBL2-2005-1 
920 |a Εύδοξος  |b Επιστροφή  |y Σάμος  |z 2011-03 
920 |a Μεταπτυχιακό Δίπλωμα στη Διοίκηση Επιχειρήσεων  |y Χίος  |z 2005-01 
920 |a ΔΙΕΥΡΥΝΣΗ  |b ΕΠΕΑΕΚ-ΤΜΟΔ  |y Χίος  |z 2004-12 
970 |a Σαλαμούρα  |b Μαρία  |z 14/01/2005